Statistics for Commonwealth Games Hosts Cities Quiz

Click here to take the quiz!

General Stats

  • This quiz has been taken 22 times
  • The average score is 18 of 22

Answer Stats

HintAnswer% Correct
2014Glasgow
100%
1934London
100%
2006Melbourne
100%
1962Perth
100%
1938Sydney
100%
1950Auckland
95%
1990Auckland
95%
1970Edinburgh
95%
1986Edinburgh
95%
2022Birmingham
89%
2010Delhi
89%
2002Manchester
89%
1998Kuala Lumpur
84%
1954Vancouver
84%
1982Brisbane
79%
1958Cardiff
68%
1978Edmonton
63%
2018Gold Coast
63%
1966Kingston
63%
1974Christchurch
53%
1994Victoria
53%
1930Hamilton
42%

Score Distribution

Percentile by Number Answered

Percent of People with Each Score

Your Score History

You have not taken this quiz